Core Java Tm 1.2. V2- Advanced features (Record no. 105369)

MARC details
000 -LEADER
fixed length control field 00347nam a2200133Ia 4500
008 - FIXED-LENGTH DATA ELEMENTS--GENERAL INFORMATION
fixed length control field 230917s9999||||xx |||||||||||||| ||und||
040 ## - CATALOGING SOURCE
-- 72324
Original cataloging agency VIVEKANANDA LIBRARY
041 ## - Language
-- English
082 ## - DDC NUMBER
Classification number 005.133 H78C
100 ## - MAIN ENTRY--PERSONAL NAME
Personal name Horstmann, Cay S
245 #0 - TITLE STATEMENT
Title Core Java Tm 1.2. V2- Advanced features
260 ## - PUBLICATION, DISTRIBUTION, ETC. (IMPRINT)
Place of publication, distribution, etc Singapore
Name of publisher, distributor, etc Addison-Wesley
Date of publication, distribution, etc 2000
942 ## - ADDED ENTRY ELEMENTS (KOHA)
Koha item type Books
Holdings
Withdrawn status Lost status Damaged status Not for loan Location (home branch) Sublocation or collection (holding branch) Shelving location Date acquired Koha issues (times borrowed) Koha full call number Accession No. Koha date last seen Koha item type
        VIVEKANANDA LIBRARY VIVEKANANDA LIBRARY IMSAR Library 11/02/2003   005.133 H78C 190615 17/09/2023 Books
        VIVEKANANDA LIBRARY VIVEKANANDA LIBRARY IMSAR Library 11/02/2003   005.133 H78C 190616 17/09/2023 Books
        VIVEKANANDA LIBRARY VIVEKANANDA LIBRARY IMSAR Library 11/02/2003   005.133 H78C 190617 17/09/2023 Books
© Designed and Maintained by Vivekananda Library, MDU Rohtak